[Event "XXXII Belgrade Trophy 2018"]
[Site "Belgrade"]
[Date "2018.11.29"]
[Round "6"]
[White "Svicevic, Rastko"]
[Black "Pastar, Slaven"]
[Result "0-1"]
[WhiteElo "2236"]
[BlackElo "2326"]
[Annotator "TA"]
[PlyCount "54"]
[EventDate "2018.11.24"]
[EventType "swiss"]
[EventCountry "SRB"]
[SourceTitle "playchess.com"]
[Source "ChessBase"]
[SourceQuality "1"]

{[%evp 22,54,0,0,19,0,0,-24,-24,-24,-24,-28,-26,-29,25,-59,885,-159,699,-181,681,87,673,-285,708,-264,766,184,725,472,993,-490,998,291,2208]} 1. e4 e5 2. Nf3 Nc6 3. Nc3 Nf6 4. d4 exd4 5. Nxd4 Bb4 6. Nxc6 bxc6 7. Bd3 d5 8. exd5 cxd5 9. O-O O-O 10. h3 {C47: Scotch Four Knights and Four Knights with 4 g3} Re8 (10... c6 11. Qf3 Bd6 12. Bf4 Be6 13. Rfe1 Bxf4 14. Qxf4 Qb8 15. Qxb8 Raxb8 16. Na4 Nd7 17. b3 c5 {½-½ (35) Nakamura,H (2777)-So,W (2780) Saint Louis 2018}) 11. Qf3 c6 12. Bf4 {LiveBook: 124 Games. The position is equal.} Bd7 13. Ne2 Ne4 14. a3 $146 ({Predecessor:} 14. c3 Bf8 15. Ng3 Nc5 16. Bc2 g6 17. Be3 Ne6 {1-0 (44) Pedersen,H (2123)-Ottaviani,G (1983) Arco 2013}) 14... Bf8 15. c4 Qf6 16. cxd5 cxd5 17. Ng3 Qxb2 (17... Nxg3 $142 18. fxg3 Qxb2) 18. Bxe4 (18. Nxe4 $11 dxe4 19. Bxe4) 18... Bxh3 $2 {[%mdl 8192] [#]} (18... dxe4 $15 19. Qe3 Qb6) 19. Bg5 $2 ({White has to play} 19. Bxd5 $18 Bg4 20. Qxg4 (20. Bxa8 Bxf3 21. Bxf3 Qf6 $18)) 19... f6 $2 (19... dxe4 $17 20. Nxe4 Bd7) 20. Kh2 $4 {[%mdl 8192]} ({And not} 20. gxh3 dxe4 21. Nxe4 fxg5 $15) (20. Bxd5+ $18 {is the narrow road to win.} Be6 21. Bxe6+ Rxe6 22. Bxf6 Rxf6 23. Qxa8) 20... Bxg2 $4 {[%mdl 8192]} (20... dxe4 $19 21. Nxe4 Bd7) 21. Qxg2 $2 (21. Bxd5+ $18 Kh8 22. Kxg2 fxg5 23. Bxa8) 21... fxg5 $4 {[%mdl 8192]} (21... dxe4 $16 22. Bf4 Rad8) 22. a4 $4 {[%mdl 8192] [#]} (22. Bxd5+ $18 {avoids the disaster.} Kh8 23. Bxa8) 22... g4 $4 {[%mdl 8192]} (22... dxe4 $19 23. Nxe4 Qe5+ {[%mdl 64] Double Attack} 24. Ng3 Rad8) 23. Rad1 $4 {[%mdl 8192]} (23. Bxd5+ $18 Kh8 24. Bxa8) 23... Bd6 $4 {[%mdl 8192]} (23... dxe4 $19 24. Nxe4 Qe5+ 25. Ng3 Rad8) 24. Rxd5 $2 (24. Bxd5+ Kh8 25. Bxa8) 24... Re6 $2 (24... Rad8 25. Kg1 Bc7) 25. Kg1 Rf6 (25... Rb8 $142 26. Nf5 Bf8) 26. Rc1 $4 {[%mdl 8192]} (26. Rb5 $18 {and life is good for White.} Qd4 27. Bxa8) 26... Rh6 $4 {[%mdl 8192]} (26... Qxc1+ $19 27. Qf1 Qxf1+ 28. Nxf1 Re8) 27. Rc2 $2 (27. Rb1 Qa2 28. Rdd1) 27... Bc5 $2 {[%mdl 32768] Accuracy: White = 10%, Black =  4%. . Loss on time!?} (27... Qb4) 0-1

[Event "XXXII Belgrade Trophy 2018"]
[Site "Belgrade"]
[Date "2018.11.29"]
[Round "6"]
[White "Krstic, Milos"]
[Black "Lundin, Jan"]
[Result "1/2-1/2"]
[WhiteElo "2122"]
[BlackElo "2293"]
[Annotator "TA"]
[PlyCount "27"]
[EventDate "2018.11.24"]
[EventType "swiss"]
[EventCountry "SRB"]
[SourceTitle "playchess.com"]
[Source "ChessBase"]
[SourceQuality "1"]

{[%evp 14,27,50,44,61,47,72,59,114,9,93,80,92,81,120,105]} 1. e4 c5 2. Nf3 e6 3. d4 cxd4 4. Nxd4 Nf6 5. Nc3 d6 6. g4 h6 7. Rg1 Nc6 8. Be3 Bd7 {B81: Sicilian Scheveningen: Keres Attack} (8... a6 9. h4 h5 10. gxh5 Rxh5 11. Bg5 Rh8 12. Be2 Bd7 13. Qd2 Qb6 14. Nb3 Qc7 15. O-O-O b5 16. a3 Rb8 {½-½ (49) Bacrot,E (2697)-Ivanchuk,V (2726) Berlin 2015}) 9. Be2 Qa5 $146 ({Predecessor:} 9... g5 10. Qd2 a6 11. O-O-O Be7 12. Kb1 b5 13. Nxc6 Bxc6 14. Bf3 Nd7 15. Ne2 Ne5 16. Nd4 {0-1 (40) Karavade,E (2397)-Parligras,M (2616) Abu Dhabi 2017}) 10. Qd2 Rc8 ({Better is} 10... Nxd4 $14 11. Qxd4 e5) 11. f4 (11. Nb3 $16 Qc7 12. f4) 11... a6 (11... Nxd4 $11 12. Bxd4 Bc6) 12. Nb3 $16 {White is better.} Qc7 13. h4 Nb4 14. Bf3 1/2-1/2

[Event "XXXII Belgrade Trophy 2018"]
[Site "Belgrade"]
[Date "2018.11.29"]
[Round "6"]
[White "Vardakas, Stefanos"]
[Black "Zivkovic, Marko"]
[Result "0-1"]
[WhiteElo "1986"]
[BlackElo "2302"]
[Annotator "TA"]
[PlyCount "38"]
[EventDate "2018.11.24"]
[EventType "swiss"]
[EventCountry "SRB"]
[SourceTitle "playchess.com"]
[Source "ChessBase"]
[SourceQuality "1"]

{[%evp 11,38,22,35,22,19,-16,-14,-4,0,0,13,5,14,13,13,13,13,10,15,23,62,21,116,-39,527,25,866,-430,401]} 1. e4 c6 2. d4 d5 3. Nc3 dxe4 4. Nxe4 Bf5 5. Ng3 Bg6 6. Nf3 Nd7 7. c4 {B18: Classical Caro-Kann: 4...Bf5 sidelines} (7. h4 h6 8. h5 Bh7 9. Bd3 Bxd3 10. Qxd3 e6 11. Bd2 Ngf6 12. O-O-O Be7 13. Kb1 O-O 14. Ne4 c5 15. Bc1 Qb6 16. Ne5 cxd4 17. Nxd7 Nxd7 18. Qxd4 Rfd8 19. Qa4 Qc7 20. Be3 a6 21. Qb3 b5 22. f3 {½-½ (30) Xiong,J (2674)-Shankland,S (2674) Burlingame 2017}) 7... e6 8. b3 Ngf6 9. a3 $146 {The position is equal.} ({Predecessor:} 9. Bd3 Qc7 10. Qe2 Bd6 11. Bd2 O-O 12. O-O Rfe8 13. Bxg6 hxg6 14. Qd3 c5 {0-1 (55) Lukasik,Z (1168)-Goraj,B (1383) Porec 2015}) 9... Bd6 10. Bd3 Qc7 11. O-O Rd8 12. Re1 O-O 13. Bxg6 hxg6 14. Qe2 Rfe8 15. Bb2 b5 16. Ne5 c5 (16... a5 $11) 17. Rad1 $2 {[#]} (17. cxb5 $16 cxd4 18. Rac1) 17... Ne4 $2 {[%mdl 8192]} (17... cxd4 $15 {keeps the upper hand.} 18. Nxd7 Rxd7 19. Rxd4 Red8) 18. dxc5 $2 ({White should play} 18. Nxe4 $18 Bxe5 19. dxe5) 18... f5 $2 {[%mdl 8192]} (18... Bxe5 $11 19. Bxe5 (19. Nxe4 Bxb2 20. Qxb2 Nxc5 $11) 19... Qxe5 20. Qxe4 Qxc5) 19. Qe3 $4 {[%mdl 8192]} (19. cxd6 $18 {is the narrow road to win.} Nxd6 20. Nxg6) 19... Bf8 $4 {[%mdl 40960] Accuracy: White = 31%, Black = 12%. . Loss on time!?} ({Less strong is} 19... Bxe5 20. Bxe5 Qxe5 21. Nxe4 $19) (19... Bxc5 $19 {and life is good for Black.} 20. Bd4 Nxe5 21. Bxc5 Ng4) 0-1

[Event "XXXII Belgrade Trophy 2018"]
[Site "Belgrade"]
[Date "2018.11.30"]
[Round "7"]
[White "Antic, Dejan"]
[Black "Rajkovic, Mladen"]
[Result "1-0"]
[WhiteElo "2462"]
[BlackElo "2355"]
[Annotator "TA"]
[PlyCount "73"]
[EventDate "2018.11.24"]
[EventType "swiss"]
[EventCountry "SRB"]
[SourceTitle "playchess.com"]
[Source "ChessBase"]
[SourceQuality "1"]

{[%evp 19,73,-11,28,15,51,45,52,41,53,48,37,45,86,87,77,81,87,96,98,88,94,89,89,89,93,75,94,92,85,79,94,80,95,95,143,146,159,160,152,146,148,127,200,189,187,188,347,354,533,507,493,456,6452,6501,6281,6103]} 1. d4 Nf6 2. Nf3 g6 3. c4 Bg7 4. g3 d5 5. cxd5 Nxd5 6. Bg2 Nb6 7. O-O Nc6 8. e3 O-O 9. Nc3 Re8 10. a3 {D76: Fianchetto Grünfeld: Main Line with 7...Nb6} Bd7 {LiveBook: 12 Games} (10... e5 11. d5 Na5 12. Qc2 c6 13. b4 Nac4 14. dxc6 bxc6 15. Rd1 Bf5 16. e4 Bd7 17. Na4 Nxa4 18. Qxc4 {½-½ (50) Le,Q (2737)-Ivanchuk,V (2726) Huaian 2017}) 11. Re1 e5 $146 ({Predecessor:} 11... Qc8 12. Ng5 Na5 13. Bd2 Nac4 14. a4 Nxd2 15. Qxd2 a5 16. Qc2 h6 17. Nge4 Bf5 {½-½ (33) Oger,C (2335)-Peschke,U (2486) ICCF email 2013}) 12. Nxe5 {White is slightly better.} Nxe5 13. dxe5 Bxe5 14. Bxb7 Rb8 15. Bg2 Ba4 16. Nxa4 Qxd1 17. Rxd1 Nxa4 18. Bc6 Nxb2 19. Bxb2 Bxb2 20. Bxe8 Bxa1 21. Bxf7+ Kxf7 22. Rxa1 $16 {[%mdl 4096] Endgame KR-KR} Ke6 23. Rc1 Kd6 24. Rd1+ Ke6 25. Rd3 c5 26. e4 $1 c4 27. Rc3 Rc8 28. f4 Kd6 {Threatening ...Kc5.} 29. Kf2 Kc5 {[#]} 30. Ke3 $1 a5 {[#]} (30... Rb8 $16) 31. f5 $1 $18 gxf5 32. exf5 Re8+ $2 (32... Kd5 33. Kd2 Ke5) 33. Kd2 Rb8 (33... Rd8+ {might work better.} 34. Kc2 Rf8) 34. Rf3 {White is clearly winning.} Rb2+ 35. Kc1 Rb3 (35... Rb8 $142 36. f6 Kd6) 36. Rxb3 cxb3 37. a4 {Accuracy: White = 90%, Black = 32%.} 1-0

[Event "XXXII Belgrade Trophy 2018"]
[Site "Belgrade"]
[Date "2018.11.30"]
[Round "7"]
[White "Todorovic, Goran M"]
[Black "Damjanovic, Vuk"]
[Result "1-0"]
[WhiteElo "2435"]
[BlackElo "2053"]
[Annotator "TA"]
[PlyCount "93"]
[EventDate "2018.11.24"]
[EventType "swiss"]
[EventCountry "SRB"]
[SourceTitle "playchess.com"]
[Source "ChessBase"]
[SourceQuality "1"]

{[%evp 19,93,27,62,33,31,25,25,28,28,23,28,25,45,46,48,48,51,46,50,50,64,50,40,38,38,50,64,51,83,70,107,113,119,113,112,97,197,208,193,172,171,169,219,214,208,210,272,272,272,268,303,295,398,386,319,232,319,317,511,485,581,577,606,555,2064,1936,6179,957,2070,1272,29973,29974,29977,29973,29985,29986]} 1. e4 g6 2. d4 Bg7 3. Nc3 d5 4. exd5 Nf6 5. Bc4 O-O 6. Nf3 {B06: Modern Defence} Nbd7 7. O-O Nb6 8. Bb3 Nbxd5 (8... a5 9. a4 Nbxd5 10. Nxd5 Nxd5 11. Re1 e6 12. Ne5 b6 13. Qf3 Ba6 14. Nc6 {1-0 (68) Bocharov,I (2563)-Ponkratov,P (2628) Sochi 2018}) 9. Nxd5 Nxd5 10. Re1 c6 {LiveBook: 5 Games} 11. c3 Bg4 12. h3 $146 {[%cal Bh2h3,Bh3h4,Bh4h5][%mdl 32]} Bxf3 13. Qxf3 e6 14. Bc2 Re8 15. Bd2 Qd7 16. Rad1 b5 17. h4 a5 18. h5 a4 19. a3 Qc7 20. Re4 Rad8 21. Rde1 c5 22. dxc5 Qxc5 23. Bc1 Nb6 24. Rf4 $36 {[%mdl 2048] White is more active.} Rd7 25. Be3 Qc7 26. Rb4 {[%cal Bf4b4,Bb4b5,Bb5c5][%mdl 32]} Nd5 27. Rxb5 {Black must now prevent Rc5.} Qc4 (27... Nxe3 $16 28. Rxe3 (28. Qxe3 Ra8 $16) 28... Rb8 29. Bxa4 Rd2) 28. Rc5 $18 Qa6 29. Bd4 Bxd4 30. cxd4 Rc8 {[#]} 31. Rxc8+ $1 Qxc8 32. Bxa4 Rc7 33. Bb3 Rc1 34. Rd1 Rxd1+ 35. Qxd1 Nf4 36. hxg6 hxg6 37. Qd2 g5 {[#] Hoping for ...Qb7.} 38. g3 Nh3+ $2 (38... Qb7 39. gxf4 Qxb3 40. fxg5 Kg7) 39. Kh2 Qb7 40. Bd1 f5 41. d5 {[%cal Bd4d5,Bd5e6][%mdl 32]} g4 42. dxe6 Qe4 43. Qe3 Qxe3 44. fxe3 Nf2 45. Bc2 {White mates.} Kg7 46. Kg2 Ne4 47. Bxe4 {Accuracy: White = 76%, Black = 34%.} 1-0

[Event "XXXII Belgrade Trophy 2018"]
[Site "Belgrade"]
[Date "2018.11.30"]
[Round "7"]
[White "Djordjevic, Vuk"]
[Black "Sanal, Vahap"]
[Result "0-1"]
[WhiteElo "2414"]
[BlackElo "2485"]
[Annotator "TA"]
[PlyCount "92"]
[EventDate "2018.11.24"]
[EventType "swiss"]
[EventCountry "SRB"]
[SourceTitle "playchess.com"]
[Source "ChessBase"]
[SourceQuality "1"]

{[%evp 18,91,21,10,47,-17,-8,-62,-43,-49,-49,-67,-55,-64,-59,-69,-66,-62,-50,-37,-46,-76,-51,-66,-63,-80,-81,-72,-79,-80,-64,-95,-105,-160,-169,-142,-137,-150,-172,-248,-235,-233,-238,-235,-102,-299,-293,-300,-295,-307,-295,-267,-286,-292,-266,-856,-824,-29983,-29984,-29984,-29985,-29985,-29986,-29990,-29991,-29991,-29992,-29992,-29993,-29993,-29994,-29996,-29997,-29997,-29998,-29999]} 1. d4 Nf6 2. Bg5 e6 3. e4 h6 4. Bxf6 Qxf6 5. c3 d6 6. Bd3 g6 {A45: Trompowsky Attack} 7. Ne2 Bg7 8. O-O e5 9. f4 Qe7 10. f5 {LiveBook: 29 Games} g5 $146 ({Predecessor:} 10... Nd7 11. fxg6 fxg6 12. Nd2 Nf6 13. Qb3 c6 14. Nc4 {1-0 (42) Bosiocic,M (2624)-Pantsulaia,L (2612) Riadh 2017}) 11. d5 (11. Na3 $14) 11... g4 12. f6 (12. Bb5+ $11 Nd7 13. c4) 12... Bxf6 $15 13. Ng3 h5 14. Bb5+ Kf8 {[%cal Be8f8,Bf8g8,Bg8f7][%mdl 32]} 15. Na3 Bg5 16. Nf5 Qd8 17. Nc2 a6 18. Bd3 Nd7 {[%cal Bb8d7,Bd7f8,Bf8g6][%mdl 32]} 19. b4 Kg8 20. Qe2 Nf8 21. Rf2 Ng6 {White must now prevent ...Nf4.} 22. g3 Rh7 23. a4 f6 24. a5 Kf7 25. b5 {[#]} (25. c4 $142) 25... Qh8 $1 $17 26. bxa6 bxa6 27. h4 gxh3 28. Nb4 {[#]} (28. Qf3 $142) 28... h4 $1 $19 {[%cal Rh4g3]} 29. g4 {[%cal Rd3a6]} Nf4 30. Qf3 Qg8 (30... Bxf5 $19 {is more deadly.} 31. exf5 Qb8) 31. Bf1 $2 (31. Kh2 $17) 31... Bxf5 32. exf5 Bh6 33. Bxh3 Rg7 {And now ...e4! would win.} 34. Kh2 {[#]} e4 $1 {[%mdl 512]} 35. Qxe4 Re8 36. Qc4 $2 (36. Rxf4 Rxe4 37. Rxe4) 36... Nxh3 37. Kxh3 Re3+ {Black mates.} 38. Kh2 Rxg4 39. Qxc7+ Re7 40. Qxd6 {[#]} Bf4+ $1 {[%mdl 576] Deflection} 41. Rxf4 Rg2+ 42. Kh1 Qg3 {[%cal Rg3h3]} 43. Qxe7+ Kxe7 {[%cal Rg3h3]} 44. d6+ Kf7 {[%cal Rg3h3]} 45. Rxh4 Qf3 46. Rf4 Qh3# {Accuracy: White = 28%, Black = 76%.} 0-1

[Event "XXXII Belgrade Trophy 2018"]
[Site "Belgrade"]
[Date "2018.11.30"]
[Round "7"]
[White "Ozen, Deniz"]
[Black "Veleski, Robert"]
[Result "0-1"]
[WhiteElo "2411"]
[BlackElo "2211"]
[Annotator "TA"]
[PlyCount "102"]
[EventDate "2018.11.24"]
[EventType "swiss"]
[EventCountry "SRB"]
[SourceTitle "playchess.com"]
[Source "ChessBase"]
[SourceQuality "1"]

{[%evp 12,102,66,55,172,126,137,147,127,117,135,137,191,182,196,31,26,26,137,61,99,98,95,76,90,59,67,67,76,27,37,34,23,22,33,18,52,28,85,54,54,54,55,52,78,49,37,23,27,40,36,28,29,20,56,0,0,0,0,-24,-31,-74,0,0,0,0,50,12,99,0,0,0,0,0,0,-159,-166,-656,-226,-714,-428,-427,-422,-392,-375,-471,-458,-542,-452,-555,-545,-531,-517]} 1. e4 g6 2. d4 Bg7 3. Nc3 c5 4. dxc5 Qa5 5. Bd2 Qxc5 6. Nd5 Na6 7. Nf3 {LiveBook: 53 Games} b6 {B06: Modern Defence} (7... e6 $1 $14) (7... e6 8. Bc3 Kf8 9. Bxg7+ Kxg7 10. Nc3 Nf6 11. Qd4 Qxd4 12. Nxd4 Nc7 13. e5 Ng4 14. f4 f6 15. Nf3 fxe5 16. fxe5 {1-0 (46) Solodovnichenko,Y (2584)-Guseinov,G (2614) Dubai 2015}) 8. b4 Qd6 9. Bf4 e5 $146 {White is clearly better.} ({Predecessor:} 9... Bc3+ 10. Ke2 Qc6 11. Nxc3 Qxc3 12. Be5 Qc4+ 13. Ke3 Qe6 14. Bxh8 Bb7 15. Qd4 Rc8 16. Bb5 f6 17. Rhd1 Nb8 18. Nd2 Nc6 19. Qc4 {1-0 (19) Eriksson,M (2260)-Karlsson,T (2190) Ronneby 1998}) 10. Bg5 {And now Nf6+! would win.} Qb8 11. Bc4 Bb7 (11... h6 $16 {is a better defense.}) 12. Qd3 $1 $18 Nc7 13. Rd1 $2 (13. Nc3 $18) 13... Nxd5 $14 14. Bxd5 Qc8 (14... Nf6 $11) 15. O-O (15. Bb3 $16) 15... f6 16. Bxb7 Qxb7 17. Bc1 Nh6 18. c4 Rc8 19. Nd2 O-O 20. Nb3 Nf7 21. Be3 d6 22. Rc1 Rfd8 23. Rfd1 Kf8 24. h3 Ke7 (24... Bh6 $11 {remains equal.}) 25. a4 Bh6 26. Bxh6 Nxh6 27. Nd2 Nf7 28. Ra1 Ng5 29. a5 Ne6 30. axb6 axb6 31. Ra2 Ra8 32. Rxa8 Qxa8 33. Nf3 (33. Nf1 $14) 33... Qa4 $11 34. Qd2 Qb3 35. Rc1 {Threatening Qh6.} Nf4 36. Kh2 {[#]} g5 ({Better is} 36... Qd3 $1 $17) 37. Ne1 h5 38. b5 Qa3 39. Rc3 (39. Nc2 $5 {[%cal Rc2a3]} Qa2 40. g3 $11) 39... Qa1 {[#]} (39... Qa8 $1 $11) 40. g3 (40. Nc2 $1 $16 {[%cal Rc2a1]} Qb2 41. Ra3) 40... Ne2 41. Rd3 Nd4 42. Nf3 {[%cal Rf3d4]} Ne6 43. Rd5 $2 (43. h4 $11) 43... Qf1 $17 {Threatens to win with ...h4.} 44. Qc2 $2 (44. Qe1 Qxc4 45. Qe3) 44... Rc8 $2 (44... g4 45. Ng1 Nd4 46. Rxd4 exd4) 45. Qd2 $2 (45. Rd1 Qxc4 46. Qd2) 45... Ra8 46. Qe1 Qxe1 47. Nxe1 Nd4 48. Kg2 Ra3 {Black is clearly winning.} 49. f4 Re3 50. Kf2 gxf4 51. gxf4 Rxh3 {Accuracy: White = 40%, Black = 36%.} 0-1

[Event "XXXII Belgrade Trophy 2018"]
[Site "Belgrade"]
[Date "2018.11.30"]
[Round "7"]
[White "Lajthajm, Borko"]
[Black "Kadric, Denis"]
[Result "0-1"]
[WhiteElo "2407"]
[BlackElo "2554"]
[Annotator "TA"]
[PlyCount "124"]
[EventDate "2018.11.24"]
[EventType "swiss"]
[EventCountry "SRB"]
[SourceTitle "playchess.com"]
[Source "ChessBase"]
[SourceQuality "1"]

{[%evp 17,124,10,24,0,-14,-21,-16,-15,-16,-22,-23,-29,-28,-21,-27,-41,-32,-46,-42,-39,-37,-44,-35,-60,-40,-57,-40,-70,-45,-87,-86,-87,-84,-83,-87,-87,-95,-105,-95,-113,-32,-128,-128,-128,-128,-125,-113,-113,-77,-128,-97,-127,-95,-95,-95,-117,-73,-139,-134,-165,-174,-174,-164,-194,-194,-202,-192,-287,-186,-189,-170,-237,-237,-207,-223,-207,-208,-197,-214,-219,-178,-1051,-249,-246,-223,-229,-229,-612,-187,-688,-313,-308,-301,-301,-299,-283,-119,-320,-308,-468,-460,-425,-424,-450,-433,-445,-441,-942,-937]} 1. d4 d6 2. Nf3 g6 3. c4 Bg7 4. Nc3 e5 5. dxe5 dxe5 6. Bg5 f6 7. Qxd8+ Kxd8 8. O-O-O+ Ke8 {A41: 1 d4 d6: Tartakower System and Modern Defence} 9. Bd2 Be6 {LiveBook: 11 Games} 10. Nd5 $146 ({Predecessor:} 10. e3 Nh6 11. Bd3 Nf7 12. h4 Nd7 13. b3 Nc5 14. Bc2 c6 15. h5 f5 16. Nh4 {1-0 (80) Granda Zuniga,J (2688)-Del Rio de Angelis,S (2556) Atarrabia 2016}) 10... Na6 $1 {The position is equal.} 11. e4 c6 12. Nc3 $1 Bh6 13. Be2 Ke7 14. h3 Bxd2+ 15. Nxd2 Nh6 {[%cal Bg8h6,Bh6f7,Bf7d8,Bd8e6][%mdl 32]} 16. Nb3 b6 17. Rd2 Nf7 18. Rhd1 Rhd8 19. Rxd8 Nxd8 20. a3 Bf7 21. h4 h5 22. g3 Ne6 23. Kc2 g5 24. Rh1 Rh8 25. Nb1 Nac7 26. Kc3 a5 {[%cal Ba7a5,Ba5a4][%mdl 32]} 27. N1d2 a4 28. Nc1 Nd4 (28... g4 $1 $17 29. b4 axb3 30. Ncxb3 Ra8) 29. Nf3 (29. Bd1 $15) 29... Nxe2+ $17 30. Nxe2 g4 31. Nd2 Ne6 32. Nc1 Nd4 33. Re1 (33. b4 $142) 33... Rb8 34. Nd3 b5 35. c5 Rd8 36. Nb4 Kd7 37. Re3 ({White should try} 37. Kd3) 37... Kc7 38. Na6+ Kb7 39. Nb4 Rd7 40. Nd3 Bb3 $1 41. Nxb3 Nxb3 $19 {[%mdl 4096] Endgame KRN-KRN} (41... axb3 42. Nb4 $11) 42. f4 (42. f3 $142) 42... gxf3 43. Rxf3 Rd4 {[%csl Gb5][%cal Rd4c4]} 44. Kc2 (44. Nf2 {was called for.}) 44... Rxe4 45. Rxf6 Re2+ $1 46. Kc3 Re3 $1 47. Rf7+ Kc8 $1 {White must now prevent ...e4.} 48. Kc2 e4 $1 {[%cal Re4d3]} ({Inferior is} 48... Rxg3 49. Nxe5 Nd4+ 50. Kd2 $11) 49. Nf4 $2 (49. Nc1) 49... Rxg3 $2 (49... Re1 {[%csl Gb3][%cal Re1c1]} 50. Nd3 Re2+ 51. Kc3 Re3 {[%mdl 64] Pin} 52. Rf8+ Kd7) 50. Re7 Rg4 ({Much less strong is} 50... Nxc5 51. Nxh5 Rg4 52. Re5) 51. Nxh5 Rxh4 ({Resist} 51... Nxc5 52. Re5) 52. Re5 $2 (52. Nf6) 52... e3 $2 (52... Rh1 {[%csl Gb3][%cal Rh1c1]} 53. Re8+ Kc7 54. Rxe4 Rxh5 55. Re7+ Kd8) 53. Nf6 $2 {[#]} (53. Ng3) 53... Rc4+ (53... e2 $142 $1 {[%mdl 512]} 54. Re8+ (54. Rxe2 Nd4+) 54... Kb7 55. Re7+ Ka6) 54. Kd3 Nxc5+ 55. Kxe3 Rc2 56. Rh5 {[#]} Kb7 (56... Nb3 $1 $19 {and Black stays clearly on top.} 57. Rh8+ Kb7 58. Rh7+ Ka6) 57. Kd4 $2 (57. Ng4 $17) 57... Nb3+ 58. Ke5 (58. Kd3 {was necessary.} Rxb2 59. Kc3) 58... Re2+ {Black is clearly winning.} 59. Kd6 {intending Rh7+.} Rd2+ 60. Ke6 {If White can now play Rh7+ this consolidates a bit.} Kb6 61. Nd7+ Kc7 62. Rh7 (62. Ne5 $142 Nd4+ 63. Kf6) 62... Rd6+ {Accuracy: White = 32%, Black = 57%.} 0-1

[Event "XXXII Belgrade Trophy 2018"]
[Site "Belgrade"]
[Date "2018.11.30"]
[Round "7"]
[White "Cerovic, Danilo"]
[Black "Velickovic, Sasa"]
[Result "1/2-1/2"]
[WhiteElo "2333"]
[BlackElo "2293"]
[Annotator "TA"]
[PlyCount "96"]
[EventDate "2018.11.24"]
[EventType "swiss"]
[EventCountry "SRB"]
[SourceTitle "playchess.com"]
[Source "ChessBase"]
[SourceQuality "1"]

{[%evp 16,96,87,78,75,68,93,47,88,72,116,76,135,112,139,139,205,196,184,209,167,100,116,135,190,128,127,156,168,158,168,151,151,143,158,142,222,91,239,43,44,21,27,0,276,302,293,298,291,270,237,97,147,141,108,113,406,154,461,464,456,457,430,430,408,288,617,547,547,530,611,611,586,544,604,599,541,0,0,0,0,0,-2]} 1. e4 c5 2. Nf3 d6 3. d4 cxd4 4. Nxd4 Nc6 5. Nc3 Bd7 6. Be3 g6 7. Qd2 Bg7 8. f3 Nf6 9. g4 {LiveBook: 60 Games} h6 {B75: Sicilian Dragon: Yugoslav Attack, Miscellaneous} (9... Rc8 10. h4 Ne5 11. O-O-O Qa5 12. Kb1 Rxc3 13. Qxc3 Qxc3 14. bxc3 Nxf3 15. Nxf3 Bxg4 16. Bb5+ Kf8 17. Nd2 a6 18. Bc4 Bxd1 19. Rxd1 {½-½ (80) Efimenko,Z (2648)-Nakamura,H (2775) Dubai 2014}) 10. O-O-O a6 11. Nd5 {Threatens to win with Nxc6.} Nxd5 {White is slightly better.} 12. exd5 Na7 $146 ({Predecessor:} 12... Ne5 13. h3 Qc8 14. b3 Qc5 15. c4 g5 16. Kb1 Qc7 17. h4 f6 18. Bd3 Nxd3 19. Qxd3 {½-½ (36) Dastan,B (2074)-Babazade,J (2033) Thessaloniki 2010}) 13. Kb1 Qc7 (13... Nb5 $142) 14. Nb3 Nc8 15. Bd4 Kf8 (15... Bxd4 $16 {was called for.} 16. Qxd4 O-O) 16. h4 $18 {[%cal Bh2h4,Bh4h5][%mdl 32]} a5 17. h5 g5 18. a3 (18. Bxg7+ $18 Kxg7 19. c4) 18... Be5 19. Qe3 a4 (19... f6 $16) 20. Nc1 (20. Nc5 $1 $18 {Black must now prevent Bxe5.} Nb6 21. Ne6+ fxe6 22. Bxb6) 20... Ra5 $16 21. c4 e6 22. Bxe5 dxe5 23. Nd3 f6 {[#]} 24. Nb4 $1 $36 {[%mdl 2048] White is in control.} Nb6 25. Qe4 {Hoping for Qg6.} f5 (25... Qd6 $16 {is a better defense.} 26. Bd3 exd5 27. cxd5 Nc8) 26. Qe3 (26. gxf5 $18 exf5 27. Qe1) 26... Kf7 (26... exd5 $16 27. cxd5 Qd6) 27. dxe6+ $2 (27. d6 $18 Qc5 28. Qc3) 27... Bxe6 $14 28. gxf5 Bxf5+ 29. Bd3 Be6 $2 {[%mdl 8192]} (29... Nxc4 $11 {and Black has nothing to worry.} 30. Rc1 Nxe3 31. Rxc7+ Kf6) 30. Qe4 $18 Kf8 31. Rh2 {[%cal Bh1h2,Bh2d2,Bd2d6][%mdl 32]} Rg8 32. Rhd2 Rg7 33. Be2 (33. Bc2 $18 {and White stays clearly on top.}) 33... Ke7 34. Ka1 Rc5 35. Rd6 Nxc4 $2 {[%mdl 8192]} (35... Qxd6 $16 {keeps fighting.} 36. Rxd6 Kxd6) 36. Nd5+ $2 (36. Bxc4 $18 {and the rest is easy.} Bxc4 37. Rxh6) 36... Bxd5 $2 (36... Kxd6 $16 {is a better chance.} 37. Nxc7+ {[%mdl 64] Discovered Attack} Kxc7) 37. R6xd5 {And now Bxc4 would win.} Nb6 38. Rxc5 Qxc5 39. Qxb7+ Kf6 40. Qb8 Kf5 $2 (40... Nc8 41. Ba6 Rg8 42. Bxc8 Rxc8) 41. Qh8 Rd7 42. Rxd7 Qc1+ 43. Ka2 {White wants to mate with Qf8+.} Nxd7 44. Qh7+ Ke6 45. Qxh6+ Nf6 {intending ...Qc2.} 46. Qf8 $2 (46. Qg6 $18) 46... Qc2 $11 {The position is equal.} 47. Ba6 {aiming for Bc8+.} Qb3+ {[%mdl 64] [#] Double Attack} 48. Ka1 {Strongly threatening Bc8+.} Qd1+ {Accuracy: White = 45%, Black = 29%.} 1/2-1/2